000 00717nam a22002057a 4500
005 20100908135416.0
010 _aENG-101452
020 _a9788181373595
_c324.00
020 _a8181373596
_c324.00
035 _aEN-84985
037 _bDBAD/PUB
082 _a510
100 _aMajeed,A.
_930107
245 _aTogether with AIEEE mathematics including mathematical reasoning /
_cby A. Majeed
260 _aNew Delhi
_bRachna Sagar
_c2009
270 _a79, Kedarnath Marg,Opp. Ansari Market,Daryaganj
_bNew Delhi
_e110002
300 6 _a654p.
_c27cm (pbk)
942 _2ddc
_cEN
_h510
_mMAJ
999 _c44485
_d44485